000 03669nam0a2200433 4500
001 RU\NLR\BIBL_A\012795725
005 20220630153547.0
010 _a978-5-907440-78-4
021 _aRU
_bКН-П-22-008731
_9КН-П-22-0709
035 _a(NLR Aleph) 012795725
035 _a(RuMoRGB)010978052
090 _a13166963
_c13166963
100 _a20220523d2021 u y0rusy50 ca
101 0 _arus
102 _aRU
105 _a c||z|||010zd
181 0 _ai2
_baxxe
181 0 _ab2
_bxb2e
182 0 _an
200 1 _a85 лет со дня образования теплофикационного хозяйства города Магнитогорска
_fтексты: Старикова Галина Ильинична, Зарубина Ирина Александровна, Кутляева Елена Викторовна [и др.]
_gредактор: Грибанов Роман Геннадьевич
_gМП трест "Теплофикация"
203 _aТекст
_aИзображение
_bвизуальные
_cнепосредственные
210 _aСанкт-Петербург
_cПервый ИПХ
_d2021
215 _a200 с.
_cил., цв. ил., портр.
_d30
300 _aАвт. указаны на обороте тит. с.
300 _aНа тит. с. и обл.: 85 лет МП трест "Теплофикация", 1936-2021
330 _aВ 2021 году тресту исполняется 85 лет МП тресту <Теплофикация>. <Теплофикация> образована в октябре 1936 года. Точкой исторического отсчета считается начало строительства Центральной котельной в левобережной части города. Сегодня в ведении <Теплофикации> уже 13 котельных, а также 300 с лишним бойлерных, 14 тепловых насосных станций и 1348 км тепловых сетей и сетей горячего водоснабжения. К сетям треста <Теплофикация> сейчас подключено почти две с половиной тысячи многоквартирных домов. С момента образования и по сей день задача муниципального предприятия - бесперебойно обеспечивать теплом жителей Магнитогорска. Для выполнения этой задачи ежегодно на сетях и тепловых объектах проводятся ремонты, модернизируется оборудование
532 1 0 _aВосемьдесят пять лет со дня образования теплофикационного хозяйства города Магнитогорска
601 0 2 _a"Теплофикация", трест
_cМагнитогорск, город (Челябинская область)
_2nlr_sh2
_3RU\NLR\AUTH\6601707407
686 1 _aУ30(2)57(2Р-4Че-2М)
701 1 _aСтарикова
_bГ. И.
_gГалина Ильинична
701 1 _aЗарубина
_bИ. А.
_gИрина Александровна
701 1 _aКутляева
_bЕ. В.
_gЕлена Викторовна
702 1 _aГрибанов
_bР. Г.
_gРоман Геннадьевич
_4340
711 0 2 _a"Теплофикация", трест
_cМагнитогорск
_3RU\NLR\AUTH\880554989
942 _cBOOK
980 _aNB